| 000 | 00539nam a22001817a 4500 | ||
|---|---|---|---|
| 999 |
_c264 _d264 |
||
| 003 | AR-CdUCM | ||
| 008 | 190220b ||||| |||| 00| 0 spa d | ||
| 040 |
_aMUNICIPALIDAD PROVINCIAL DEL CUSCO _cBIBLIOTECA MUNICIPAL DEL CUSCO |
||
| 082 |
_a818.44 / _bJ19 |
||
| 100 |
_aJames, Henry _91127 |
||
| 245 |
_aLas alas de la paloma / _cHenry James |
||
| 260 |
_aBuenos Aires : _bTroquel, _c1967. |
||
| 300 |
_a584 páginas ; _c21 cm. |
||
| 650 |
_aNovelas estadounidenses. _9734 |
||
| 650 |
_aSiglo XIX. _9971 |
||
| 942 |
_2ddc _cLIBROS |
||
| 945 | _arac | ||